01008 2200337 4500001002100000005001500021035002500036008004100061020001800102082001200120084001400132100002800146245018800174250001100362260002800373300003100401500004400432650001200476700001700488700002200505850001200527999001500539007000300554040001700557990001600574990001600590990001600606990001600622990001600638990001600654YOGYA-0209000003662320210927103657 a0010-020900000036623090227s2005 jbia ind d a979-9452-73-204223a411 a411 MIR d1 aMirriam Goldberg, Caryn aDaripada bete nulis aja! :bpanduan nulis asyik di mana saja, kapan saja, jadi penulis bekenpun bisa /cCaryn Mirriam-Goldberg ; penerjemah, Lusy Widjaja ; penyunting, Pangestuningsih aCet. 3 aBandung :bKaifa,c2005 a226 hlm. :bilus. ;c24 cm aJudul asli : Hem write where you are .. 4aTulisan0 aWijaya, Lucy0 aPangestutiningsih aYOPDYOG a06P0000482ta aYOPDYOGbind a482-PD/P.06 a483-PD/P.06 a481-PD/P.06 a481-PD/P.06 a482-PD/P.06 a483-PD/P.06